| 000 | 01140cam a22002894a 4500 | ||
|---|---|---|---|
| 999 |
_c9885 _d9885 |
||
| 001 | 12070083 | ||
| 003 | OSt | ||
| 005 | 20210205114153.0 | ||
| 008 | 000622s2001 nyuab b 001 0 eng | ||
| 010 | _a 00057311 | ||
| 020 | _a0684869128 | ||
| 040 |
_aDLC _cDLC _dDLC |
||
| 042 | _apcc | ||
| 050 | 0 | 0 |
_aBS621 _bF499B |
| 082 | 0 | 0 |
_a221.9/5 _221 _bF499B |
| 100 | 1 | _aFinkelstein, Israel. | |
| 245 | 1 | 4 |
_aThe Bible unearthed : _barchaeology's new vision of ancient Israel and the origin of its sacred texts / _cIsrael Finkelstein and Neil Asher Silberman. |
| 260 |
_aNew York : _bFree Press, _cc2001. |
||
| 300 |
_ax, 385 p. : _bill., maps ; _c25 cm. |
||
| 504 | _aIncludes bibliographical references (p. 356-372) and index. | ||
| 630 | 0 | 0 |
_aBible. _pOld Testament _xAntiquities. |
| 630 | 0 | 0 |
_aBible. _pOld Testament _xEvidences, authority, etc. |
| 700 | 1 |
_aSilberman, Neil Asher, _d1950- |
|
| 906 |
_a7 _bcbc _corignew _d1 _eocip _f20 _gy-gencatlg |
||
| 942 |
_2ddc _cBK |
||